[Event "Krakow op"]
[Site "Krakow"]
[Date "2017.07.01"]
[Round "2"]
[White "Szewczyk, Grzegorz"]
[Black "Grabarczyk, Miroslaw"]
[Result "0-1"]
[WhiteElo "1978"]
[BlackElo "2447"]
[PlyCount "88"]
[EventDate "2017.07.01"]
[EventType "swiss"]
[EventRounds "7"]
[EventCountry "POL"]
[SourceTitle "CBM 179 Extra"]
[Source "ChessBase"]
[SourceDate "2017.08.23"]
[SourceVersion "1"]
[SourceVersionDate "2017.08.23"]
[SourceQuality "1"]

1. d4 d5 2. c4 dxc4 3. Nf3 a6 4. a4 Nc6 5. e4 Bg4 6. Bxc4 e6 7. Be3 Nf6 8. Nc3 Bb4 9. h3 Bh5 10. g4 Bg6 11. e5 Nd5 12. Rc1 Nxc3 13. bxc3 Ba3 14. Ra1 Bb2 15. Ra2 Bxc3+ 16. Kf1 Be4 17. Rg1 Nb4 18. Ng5 Bd5 19. Bxd5 Nxd5 20. Ne4 Bb4 21. Qb3 0-0 22. Rc2 Qd7 23. g5 Kh8 24. Rg4 a5 25. Rh4 Ne7 26. Rc4 Nf5 27. Rg4 c6 28. Qc2 Rac8 29. Ng3 b5 30. axb5 cxb5 31. Rxc8 Rxc8 32. Qd1 Qd5 33. Kg1 Nxe3 34. fxe3 Ba3 35. Nf1 Rc1 36. Qe2 Kg8 37. Rh4 Qc4 38. Qf3 Be7 39. Rf4 Qc6 40. Qh5 g6 41. Qh6 Qc4 42. Kg2 Qc2+ 43. Rf2 Qe4+ 44. Kg1 Qxe3 0-1

[Event "POL-chT 2nd League"]
[Site "Jastrzebia Gora"]
[Date "2016.09.10"]
[Round "8.41"]
[White "Szewczyk, Grzegorz"]
[Black "Swiatnicki, Andrzej"]
[Result "1/2-1/2"]
[WhiteElo "1953"]
[BlackElo "2058"]
[PlyCount "99"]
[EventDate "2016.09.03"]
[EventType "team-swiss"]
[EventRounds "9"]
[EventCountry "POL"]
[SourceTitle "EXT 2017"]
[Source "ChessBase"]
[SourceDate "2016.10.25"]
[SourceVersion "1"]
[SourceVersionDate "2016.10.25"]
[SourceQuality "1"]
[WhiteTeam "Nowy Sacz Sandecja"]
[BlackTeam "Konin Hetman"]
[WhiteTeamCountry "POL"]
[BlackTeamCountry "POL"]

1. d4 d5 2. Nf3 Nf6 3. c4 c6 4. Nc3 Qb6 5. Qc2 Bg4 6. e3 e6 7. Be2 Nbd7 8. 0-0 Be7 9. b3 0-0 10. Bb2 Rfe8 11. Rad1 Rad8 12. Rfe1 Bh5 13. h3 Bg6 14. Qc1 Ne4 15. Nxe4 Bxe4 16. Nd2 Bg6 17. Nf3 Bf6 18. Bc3 Qc7 19. Qb2 h6 20. Bf1 b6 21. a4 Be4 22. Be2 g5 23. Bd3 Bxd3 24. Rxd3 Bg7 25. Rdd1 Nf6 26. Qe2 Ne4 27. Ba1 Qe7 28. cxd5 cxd5 29. Nd2 Nd6 30. Rc1 Rc8 31. Qd3 Rc7 32. Rc3 Rec8 33. Rec1 Qd7 34. Bb2 Rxc3 35. Rxc3 Rxc3 36. Qxc3 Qc8 37. Qxc8+ Nxc8 38. Ba3 Bf8 39. Bxf8 Kxf8 40. Kf1 Nd6 41. Ke2 Ke7 42. g4 a5 43. Kd3 f6 44. f3 Kd7 45. e4 Nb7 46. Ke3 Nd6 47. Kd3 Nb7 48. Ke3 Nd6 49. Kd3 Nb7 50. Ke3 1/2-1/2

[Event "POL-chT 2nd League"]
[Site "Jastrzebia Gora"]
[Date "2016.09.06"]
[Round "4.83"]
[White "Tatarczany, Piotr"]
[Black "Szewczyk, Grzegorz"]
[Result "1/2-1/2"]
[WhiteElo "1528"]
[BlackElo "1953"]
[PlyCount "50"]
[EventDate "2016.09.03"]
[EventType "team-swiss"]
[EventRounds "9"]
[EventCountry "POL"]
[SourceTitle "EXT 2017"]
[Source "ChessBase"]
[SourceDate "2016.10.25"]
[SourceVersion "1"]
[SourceVersionDate "2016.10.25"]
[SourceQuality "1"]
[WhiteTeam "Pilzno GKSz Hetman"]
[BlackTeam "Nowy Sacz Sandecja"]
[WhiteTeamCountry "POL"]
[BlackTeamCountry "POL"]

1. d4 Nf6 2. Nf3 e6 3. c4 d5 4. Nc3 Be7 5. Bf4 0-0 6. e3 b6 7. Bd3 Bb7 8. 0-0 c5 9. Rc1 cxd4 10. Nxd4 dxc4 11. Bxc4 Nbd7 12. Bg3 Nc5 13. f3 Nd5 14. Bxd5 Bxd5 15. b4 Na6 16. a3 Bc4 17. Re1 Qe8 18. Qc2 Rc8 19. Qe4 Bf6 20. Bd6 Be7 21. Bg3 Bf6 22. Bd6 Be7 23. Bg3 Bf6 24. Bd6 Be7 25. Bg3 Bf6 1/2-1/2

[Event "POL-chT 2nd League"]
[Site "Jastrzebia Gora"]
[Date "2016.09.05"]
[Round "3.71"]
[White "Szewczyk, Grzegorz"]
[Black "Mucha, Magdalena"]
[Result "1/2-1/2"]
[WhiteElo "1953"]
[BlackElo "1947"]
[PlyCount "102"]
[EventDate "2016.09.03"]
[EventType "team-swiss"]
[EventRounds "9"]
[EventCountry "POL"]
[SourceTitle "EXT 2017"]
[Source "ChessBase"]
[SourceDate "2016.10.25"]
[SourceVersion "1"]
[SourceVersionDate "2016.10.25"]
[SourceQuality "1"]
[WhiteTeam "Nowy Sacz Sandecja"]
[BlackTeam "Wieliczka MKS MOS"]
[WhiteTeamCountry "POL"]
[BlackTeamCountry "POL"]

1. d4 f5 2. Nf3 Nf6 3. g3 g6 4. Bg2 Bg7 5. 0-0 0-0 6. c4 d6 7. Nc3 c6 8. Rb1 Ne4 9. Nxe4 fxe4 10. Ng5 d5 11. h4 Kh8 12. e3 Na6 13. Bd2 Bf5 14. cxd5 cxd5 15. Qa4 Nc7 16. Rbc1 Ne8 17. Qb5 Rb8 18. Ba5 b6 19. Bd2 Nf6 20. Qc6 Rc8 21. Qb7 h6 22. Nh3 Qd7 23. Qxd7 Bxd7 24. Nf4 Kh7 25. Bb4 Rfe8 26. Rxc8 Bxc8 27. Rc1 g5 28. hxg5 hxg5 29. Nh3 Kg6 30. Rc7 Rh8 31. Nxg5 Kxg5 32. Bxe7 a6 33. Rc6 b5 34. Rd6 Bb7 35. Rb6 Bc8 36. Rd6 Kf5 37. Bxf6 Bxf6 38. Rxd5+ Ke6 39. Rc5 Bb7 40. Rc7 Bd5 41. Ra7 Ra8 42. Rxa8 Bxa8 43. Kf1 Bd5 44. Ke1 Kd6 45. Kd2 Bd8 46. Kc3 Ba5+ 47. b4 Bc7 48. a3 Bd8 49. Kd2 Be7 50. Bh3 Kc7 51. Kc3 Bg5 1/2-1/2

[Event "Krakow Malopolski-chA"]
[Site "Krakow"]
[Date "2011.05.07"]
[Round "8"]
[White "Szewczyk, Grzegorz"]
[Black "Wierzbicka, Wiktoria"]
[Result "1-0"]
[WhiteElo "2000"]
[BlackElo "2026"]
[PlyCount "41"]
[EventDate "2011.05.01"]
[EventType "swiss"]
[EventRounds "9"]
[EventCountry "POL"]
[SourceTitle "EXT 2013"]
[Source "ChessBase"]
[SourceDate "2012.11.22"]
[SourceVersion "1"]
[SourceVersionDate "2012.11.22"]
[SourceQuality "1"]

1. d4 c5 2. d5 d6 3. e4 g6 4. Nc3 a6 5. a4 Bg7 6. Nf3 e6 7. dxe6 Bxe6 8. Be2 Ne7 9. Bg5 f6 10. Be3 Nbc6 11. Qd2 Qb6 12. Qxd6 Qxb2 13. 0-0 Qxc3 14. Qxe6 f5 15. Rad1 Rd8 16. Bg5 fxe4 17. Bc4 Rxd1 18. Rxd1 Bd4 19. Bd5 Bxf2+ 20. Kxf2 Qxc2+ 21. Rd2 1-0

[Event "Krakow Malopolski-chA"]
[Site "Krakow"]
[Date "2011.05.05"]
[Round "5"]
[White "Kaim, Piotr"]
[Black "Szewczyk, Grzegorz"]
[Result "1-0"]
[WhiteElo "2285"]
[BlackElo "2000"]
[PlyCount "35"]
[EventDate "2011.05.01"]
[EventType "swiss"]
[EventRounds "9"]
[EventCountry "POL"]
[SourceTitle "EXT 2013"]
[Source "ChessBase"]
[SourceDate "2012.11.22"]
[SourceVersion "1"]
[SourceVersionDate "2012.11.22"]
[SourceQuality "1"]

1. e4 c6 2. d4 d5 3. exd5 cxd5 4. c4 Nf6 5. Nc3 Nc6 6. Bg5 Be6 7. Be2 Qa5 8. Nf3 dxc4 9. 0-0 Rd8 10. Re1 h6 11. Bxf6 gxf6 12. Ne4 b6 13. Bxc4 f5 14. Bxe6 fxe4 15. Qc2 Rd6 16. Ne5 Nxe5 17. dxe5 fxe6 18. exd6 1-0

[Event "Krakow Malopolski-chA"]
[Site "Krakow"]
[Date "2011.05.04"]
[Round "4"]
[White "Szewczyk, Grzegorz"]
[Black "Lach, Piotr"]
[Result "0-1"]
[WhiteElo "2000"]
[BlackElo "2176"]
[PlyCount "78"]
[EventDate "2011.05.01"]
[EventType "swiss"]
[EventRounds "9"]
[EventCountry "POL"]
[SourceTitle "EXT 2013"]
[Source "ChessBase"]
[SourceDate "2012.11.22"]
[SourceVersion "1"]
[SourceVersionDate "2012.11.22"]
[SourceQuality "1"]

1. d4 Nf6 2. Nf3 g6 3. c4 Bg7 4. Nc3 d5 5. cxd5 Nxd5 6. e4 Nxc3 7. bxc3 c5 8. Rb1 0-0 9. Be2 b6 10. 0-0 Bb7 11. Qd3 Qc7 12. Bg5 e6 13. Qe3 Rc8 14. e5 Qc6 15. Rfc1 c4 16. Rb4 Qd5 17. Ne1 Na6 18. Rbb1 Qd7 19. Bh6 Bh8 20. Bg5 b5 21. Bf3 Rab8 22. h4 Nc7 23. h5 Bxf3 24. Qxf3 Nd5 25. h6 f6 26. exf6 Qf7 27. Nc2 Bxf6 28. Bd2 Bd8 29. Qe4 Qf5 30. f3 Bc7 31. Ne3 Qxe4 32. fxe4 Nf4 33. Rf1 Ne2+ 34. Kf2 Ng3 35. Rg1 Nxe4+ 36. Ke1 Rf8 37. Rf1 a6 38. Rf3 Bf4 39. Rh3 Bg3+ 0-1

[Event "Krakow Malopolski-chA"]
[Site "Krakow"]
[Date "2011.05.02"]
[Round "2"]
[White "Kumor, Lukasz"]
[Black "Szewczyk, Grzegorz"]
[Result "0-1"]
[WhiteElo "2165"]
[BlackElo "2000"]
[PlyCount "72"]
[EventDate "2011.05.01"]
[EventType "swiss"]
[EventRounds "9"]
[EventCountry "POL"]
[SourceTitle "EXT 2013"]
[Source "ChessBase"]
[SourceDate "2012.11.22"]
[SourceVersion "1"]
[SourceVersionDate "2012.11.22"]
[SourceQuality "1"]

1. e4 c6 2. d4 d5 3. exd5 cxd5 4. c4 Nf6 5. Nf3 Nc6 6. Nc3 Bg4 7. Be3 e6 8. h3 Bxf3 9. Qxf3 Bb4 10. Qd1 0-0 11. a3 Bxc3+ 12. bxc3 Qa5 13. Qb3 e5 14. dxe5 Nxe5 15. Qb4 Qc7 16. c5 Rfe8 17. Be2 Nc6 18. Qf4 Qxf4 19. Bxf4 d4 20. Rd1 Nd5 21. g3 Nxc3 22. Rd2 d3 23. Rxd3 Nxe2 24. Be3 Ned4 25. Kd2 Rad8 26. Rb1 Re7 27. Kc3 Nf5 28. Bf4 Rxd3+ 29. Kxd3 f6 30. g4 Rd7+ 31. Kc3 Nfd4 32. Bd6 Kf7 33. Kc4 Nf3 34. Kd5 Ne7+ 35. Kc4 Nd2+ 36. Kc3 Nxb1+ 0-1